Entry Nombre personal
001 - NÚMERO DE CONTROL
- campo de control: 21408
003 - IDENTIFICADOR DE NÚMERO DE CONTROL
- campo de control: SpMaBN
005 - FECHA Y HORA DE LA ÚLTIMA TRANSACCIÓN
- campo de control: 20231129200126.0
008 - ELEMENTOS DE DATO DE LONGITUD-FIJA
- campo de control de longitud fija: 911128n| aijnnaabn |a aaa
016 ## - NÚMERO DE CONTROL DE UNA AGENCIA BIBLIOGRÁFICA NACIONAL
- Número de control del registro: BNE19913575224
024 7# - IDENTIFICADOR DE OTROS ESTÁNDARES
- Número estándar o código: http://viaf.org/viaf/87827969/
- Fuente: viaf
024 8# - IDENTIFICADOR DE OTROS ESTÁNDARES
- Número estándar o código: https://data.cervantesvirtual.com/person/40752
024 7# - IDENTIFICADOR DE OTROS ESTÁNDARES
- Número estándar o código: https://isni.org/isni/0000000060448721
- Fuente: isni
024 7# - IDENTIFICADOR DE OTROS ESTÁNDARES
- Número estándar o código: http://www.wikidata.org/entity/Q4066933
- Fuente: wikidata
040 ## - FUENTE DE CATALOGACIÓN
- Centro catalogador/agencia de origen: SpMaBN
- Lengua de catalogación: spa
- Centro/agencia transcriptor: SpMaBN
- Normas de descripción: rdc
- Convención/Normas de encabezamiento de materia/tesauro: embne
046 ## - FECHAS CON CODIFICACIÓN ESPECIAL
- Fecha de nacimiento: 1956
100 1# - ENCABEZAMIENTO-NOMBRE DE PERSONA
- Nombre de persona: Ancira, Selma,
- Fechas asociadas al nombre: 1956-
374 ## - OCUPACIÓN
- Ocupación: Eslavista
- Fuente de información: Wikidata
375 ## - GÉNERO/SEXO
- Género: Femenino
377 ## - IDIOMA ASOCIADO
- Código del idioma: spa
- Término de lengua/lenguaje: Español
400 1# - TRAZADO DE VÉASE--NOMBRE DE PERSONA
- Nombre de persona: Ancira Berny, Selma,
- Fechas asociadas al nombre: 1956-
670 ## - FUENTE DE DATOS ENCONTRADOS
- Cita de la fuente: El prisionero del Cáucaso, 2014
- Información encontrada: port. (traducción del ruso de Selma Ancira)
670 ## - FUENTE DE DATOS ENCONTRADOS
- Cita de la fuente: Cartas del verano de 1926, 1993
- Información encontrada: port. (traducción de Selma Ancira) solapa (n. 1956, México)
670 ## - FUENTE DE DATOS ENCONTRADOS
- Cita de la fuente: WWW ISBN, 12-2-2012
- Información encontrada: (Ancira Berny, Selma; 1956-)
